| 000 | 00520nam a2200181 i 4500 | ||
|---|---|---|---|
| 001 | 75079 | ||
| 003 | ES-MaACL | ||
| 005 | 20230906172330.0 | ||
| 007 | t| | ||
| 008 | 040922s1971 sp ||||1| spa d | ||
| 100 | 1 |
_aGortari, Carlos. _959230 |
|
| 245 | 1 | 0 |
_aLiteratura hispanoamericana / _cCarlos Gortari. |
| 250 | _a[1ª ed.]. | ||
| 260 |
_a[Madrid] : _bDoncel, _c[1971] |
||
| 300 |
_a195 p. ; _c18 cm. |
||
| 650 | 0 | 4 |
_aLiteratura hispanoamericana- _xHistoria y crítica. _914606 |
| 852 |
_aES-MaACL _jC-41615 _bR.79653 |
||
| 999 |
_c75079 _d75079 |
||